000 00752nam a2200241 i 4500
003 DO-SdBNP
005 20251127073344.0
007 ta
008 251127b1995 dr ||||| |||| 00| 0 spa d
040 _aDO-SdBNP
_bspa
_cBNPHU
_erda
041 _aspa
082 4 _axxx
_bxxx
_222
100 _aCruz Méndez, Manuel R.
_eautor
_4aut.
_988832
245 1 0 _aMaterial de apoyo para la enseñanza de la historia social dominicana /
_cManuel R. Cruz Méndez
264 1 _aSanto Domingo :
_beditor no identificado,
_c1995.
300 _a75 páginas ;
_c25 cm.
336 _atexto
_btxt
_2rdacontent
337 _asin mediación
_bn
_2rdamedia
338 _avolumen
_bnc
_2rdacarrier
590 _aInventariado, 2025/BT
910 _aBtavárez
942 _2ddc
_cLBS1
999 _c60081
_d60081